000 00693nam a22002057a 4500
999 _c20156
_d20156
003 AR-CdUCM
008 190527b ||||| |||| 00| 0 spa d
040 _aMUNICIPALIDAD PROVINCIAL DEL CUSCO
_cBIBLIOTECA MUNICIPAL DEL CUSCO
082 _a346.25 /
_bE93
100 _aEstrada Cruz, Arnaldo
_942148
245 _aEl divorcio en la legislación peruana :
_bdoctrina, legislación y jurisprudencia /
260 _aTrujillo :
_bLibr. y Edit. Bolivariana,
_c1974.
300 _a642 páginas ;
_c22 cm.
505 _aContenido: Derecho civil.
650 _aDerecho civil
_97386
650 _aDivorcio
_98382
650 _aLegislación
_92962
942 _2ddc
_cLIBROS
945 _adavv
_d2019-05-27